Fundamentos de información y documentación / (Record no. 9014)

MARC details
000 -LEADER
campo de control de longitud fija 00727nam a2200241 i 4500
001 - NÚMERO DE CONTROL
campo de control 9014
003 - IDENTIFICADOR DE NÚMERO DE CONTROL
campo de control ES-MaACL
005 - FECHA Y HORA DE LA ÚLTIMA TRANSACCIÓN
campo de control 20250729032044.0
007 - CAMPO FIJO DE DESCRIPCIÓN FÍSICA--INFORMACIÓN GENERAL
campo de control de longitud fija t|
008 - DATOS DE LONGITUD FIJA--INFORMACIÓN GENERAL
campo de control de longitud fija 930129s1990 sp ||||1| spa d
020 ## - NÚMERO INTERNACIONAL ESTÁNDAR DEL LIBRO
Número Internacional Estándar del Libro 84-7754-054-3
080 ## - NÚMERO DE LA CLASIFICACIÓN DECIMAL UNIVERSAL
Número de la Clasificación Decimal Universal 002(02)
245 00 - MENCIÓN DEL TÍTULO
Título Fundamentos de información y documentación /
Mención de responsabilidad, etc. José López Yepes, compilador.
250 ## - MENCION DE EDICION
Mención de edición [2ª ed.].
260 ## - PUBLICACIÓN, DISTRIBUCIÓN, ETC.
Lugar de publicación, distribución, etc. Madrid :
Nombre del editor, distribuidor, etc. Eudema,
Fecha de publicación, distribución, etc. 1990.
300 ## - DESCRIPCIÓN FÍSICA
Extensión 485 p. ;
Dimensiones 24 cm.
490 1# - MENCIÓN DE SERIE
Mención de serie EUDEMA universidad. Manuales
650 07 - PUNTO DE ACCESO ADICIONAL DE MATERIA--TÉRMINO DE MATERIA
Término de materia o nombre geográfico como elemento de entrada Documentación
Fuente del encabezamiento o término embne
9 (RLIN) 11959
700 1# - ENTRADA AGREGADA--NOMBRE PERSONAL
Nombre de persona López Yepes, José,
Fechas asociadas al nombre 1946-2023
9 (RLIN) 74043
830 0# - PUNTO DE ACCESO ADICIONAL DE SERIE-TÍTULO UNIFORME
Título uniforme EUDEMA universidad. Manuales
9 (RLIN) 178346
852 ## - LOCALIZACIÓN
Ubicación ES-MaACL
Número de control de estantería L-16489
Sublocalización o colección R.121090
Holdings
Estatus retirado Estado de pérdida Fuente del sistema de clasificación o colocación Estado de daño No para préstamo Colección Biblioteca de origen Biblioteca actual Ubicación en estantería Fecha de adquisición Total de préstamos Signatura topográfica completa Código de barras Visto por última vez Precio de reemplazo Tipo de ítem Koha
    Clasificación decimal universal     Biblioteca profesional Biblioteca del Ateneo de Madrid Biblioteca del Ateneo de Madrid Depósito 2 17/01/2008   L-16489 1009202 23/02/2023 23/02/2023 Libro impreso